|
|
|
|
| LEADER |
01289nam a22002897a 4500 |
| 001 |
33093 |
| 003 |
BD-DhAAL |
| 005 |
20250728161034.0 |
| 008 |
180515t2017 cc a|||| b||| 001 0 eng d |
| 020 |
|
|
|a 9789352135219
|
| 020 |
|
|
|a 9781491962299
|
| 040 |
|
|
|a BD-DhAAL
|
| 082 |
|
|
|a 006.31
|2 23
|
| 100 |
|
|
|a Géron, Aurélien.
|9 25875
|
| 245 |
|
|
|a Hands-on machine learning with scikit-learn and tensorflow :
|b concepts, tools, and techniques to build intelligent systems /
|c Aurélien Géron.
|
| 250 |
|
|
|a First edition
|
| 260 |
|
|
|a Beijing :
|b O'Reilly,
|c c2017
|
| 300 |
|
|
|a xx, 545 pages :
|b illustrations ;
|c 24 cm.
|
| 526 |
|
|
|a CSE
|
| 541 |
|
|
|a Trim Education
|e 33093, 33094
|
| 650 |
|
|
|a Machine learning.
|9 25876
|
| 650 |
|
|
|a Computer science.
|9 42436
|
| 852 |
|
|
|a Ayesha Abed Library
|c General Stacks
|
| 942 |
|
|
|2 ddc
|c BK
|
| 999 |
|
|
|c 39143
|d 39143
|
| 952 |
|
|
|0 0
|1 0
|2 ddc
|4 0
|6 006_310000000000000_GER
|7 0
|9 63269
|a BRACUL
|b BRACUL
|c GEN
|d 2018-05-08
|e Trim Education
|g 2460.00
|l 28
|m 191
|o 006.31 GER
|p 3010033093
|q 2026-05-21
|r 2026-04-30
|s 2026-04-30
|t 1
|v 2460.00
|w 2018-05-08
|y BK
|
| 952 |
|
|
|0 0
|1 0
|2 ddc
|4 0
|6 006_310000000000000_GER
|7 0
|9 63270
|a BRACUL
|b BRACUL
|c GEN
|d 2018-05-08
|e Trim Education
|g 2460.00
|l 29
|m 144
|o 006.31 GER
|p 3010033094
|q 2026-06-02
|r 2026-05-16
|s 2026-05-16
|t 2
|v 2460.00
|w 2018-05-08
|y BK
|